000 00499cam a22002051 4500
001 sa 67002846
003 DLC
005 20260227112333.0
008 881102s1967 xx 000 0 hino
010 _asa 67002846
035 _a(OCoLC)23564877
040 _aDLC
_cMiU
_dDLC
042 _apremarc
050 0 0 _aPK2098.S535
_bR6
100 1 _aShukla, Kamal,
_d1929-
245 1 0 _aRotī rāta sisakate tāre.
260 _c[1967, i.e. 1966]
300 _a165 p.
_c20 cm.
500 _aRomanized.
999 _c73471
_d73471